Eurovíziós Dalfesztivál - jelentéktelenségbe ágyazva Európa vezető zenepiacai azt a látszatot keltik, hogy a volt szocialista blokk is beleszólhat a zenei élet alakulásába ...

Bibliographic Details
Main Author: Puha, József, 1974- (Author)
Format: Article
Language:Hungarian
PhysicalDescription:Fotogr.
Subjects:

MARC

LEADER 00000nab a2200000 ar4500
001 vtls008994816
003 SK-MaSNL
005 20260318133216.0
008 070514c20070514xo |||||||| 000 b|hun
015 |a SNBRB2007/05  |2 snkbucl 
038 |a SNKBUCL 
040 |a DSZK  |b slo  |c DSZK  |e AACR2 
041 0 |a hun 
044 |a xo  |c SK 
080 |a 78.079:784.66  |2 1997 
080 |a 784.66  |2 1997 
080 |a 7.097.079:784.66  |2 1997 
100 1 |a Puha, József,  |d 1974-  |4 aut  |9 841893 
245 1 0 |a Eurovíziós Dalfesztivál - jelentéktelenségbe ágyazva  |b Európa vezető zenepiacai azt a látszatot keltik, hogy a volt szocialista blokk is beleszólhat a zenei élet alakulásába ...  |c Puha József 
300 |b Fotogr. 
611 2 7 |a Veľká cena Eurovízie  |n (52. :  |d 2007 :  |c Helsinki, Fínsko)  |2 snkbucl  |9 1032704 
648 7 |a 2007  |2 snkbucl  |9 313226 
648 7 |a 3.-5.5.2007  |2 snkbucl  |9 1032705 
650 0 7 |a populárna hudba  |x festivaly  |2 snkbucl  |9 1032706 
650 0 7 |a hudobné festivaly  |2 snkbucl  |9 2958 
773 0 |t Új szó  |g Évf. 60, sz. 109 (14.5.2007), o. 7 
852 |a SNK  |b KIS3GCP 
852 |a DSZK  |b KIS3GCP 
958 |a HU 
958 |a FI 
999 |c 2199722  |d 2201652